000 00576nam a22001817a 4500
003 OSt
005 20251118135321.0
008 251118b |||||||| |||| 00| 0 eng d
020 _a971-86-4300-1.
040 _aDWCL-Main lib
_cOC
082 _aCirc. 499.211 Af256c 1998
100 _aAfenir, Juan O.
245 _aCombined English-Tagalog-Ilocano pocket dictionary
_cAfenir, Juan O.
260 _aQuezon City :
_bR. Manalili Gen. Mdse.,
_cc1998.
300 _a377 pages :
_c18 cm.
650 _21. English language-Dictionaries-Filipino (Ilocano).
942 _2ddc
_cGR
_kGr.
_n0
999 _c5806
_d5806